00954nam a2200253Ia 4500001001100000003000800011006001900019007001500038008004100053040002100094035002100115050002400136100002900160245007000189260004200259300000900301533015200310650002600462650002600488655002900514710001700543856012500560999001500685ebr5000686CaPaEBRm u cr cn|||||||||010426s2001 ncu s 000 0 eng d aCaPaEBRcCaPaEBR a(OCoLC)68063230514aPN4735b.H86 2001eb1 aHume, David,d1711-1776.10aOf the liberty of the pressh[electronic resource] /cDavid Hume. aRaleigh, NC :bAlex Catalogue,c2001. a4 p. aElectronic reproduction.bPalo Alto, Calif. :cebrary,d2010.nAvailable via World Wide Web.nAccess may be limited to ebrary affiliated libraries. 0aFreedom of the press. 0aPhilosophy, Scottish. 7aElectronic books.2local2 aebrary, Inc.40uhttp://site.ebrary.com/lib/rucke/Doc?id=5000686zAn electronic book accessible through the World Wide Web; click to view c2934d2934